000 00201 a2200097 4500
001 7133
100 _aMittleman, J
245 _aCircuit theory analysis
260 _a
_bIliffe
_c
090 _c5902
_d5902
942 _aNUST-CAE
_cM
_c32381
999 _c242206
_d242206